K vymedzeniu kategórií pozícia a rola štátu v medzinárodných vzťahoch
Suverenita a pozície štátu. Charakter a kategórie zámerných pôsobení štátu v medzinárodnom prostredí. Rola štátu v zahraničnej politike.
Salvato in:
| Autore principale: | |
|---|---|
| Natura: | Capitolo di libro |
| Lingua: | slovacco |
| Soggetti: | |
| Tags: |
Nessun Tag, puoi essere il primo ad aggiungerne!!
|
MARC
| LEADER | 00000naa$a2200000$$$4500 | ||
|---|---|---|---|
| 001 | 0085298 | ||
| 005 | 20240502071954.1 | ||
| 041 | 0 | |a slo | |
| 044 | |a SK | ||
| 245 | 1 | 0 | |a K vymedzeniu kategórií pozícia a rola štátu v medzinárodných vzťahoch |c Peter Weiss |
| 520 | |a Suverenita a pozície štátu. Charakter a kategórie zámerných pôsobení štátu v medzinárodnom prostredí. Rola štátu v zahraničnej politike. | ||
| 610 | 2 | 0 | |a štát |
| 610 | 2 | 0 | |a vzťahy medzinárodné |
| 610 | 2 | 0 | |a politika medzinárodná |
| 610 | 2 | 0 | |a politika vnútorná |
| 610 | 2 | 0 | |a suverenita |
| 610 | 2 | 0 | |a politológia |
| 100 | 1 | |a Weiss, Peter | |